Great Literature #20 - Statistics

General Stats
  • This quiz has been taken 226 times
  • The average score is 10 of 20
Answer Stats
Hint Extra Hint Answer % Correct
Dubliners 1914 James Joyce
91%
Through the Looking-Glass, and What Alice Found There 1871 Lewis Carroll
90%
Poetics c. 335 BCE (Περὶ ποιητικῆς) Aristotle
76%
Thus Spoke Zarathustra: A Book for All and None 1883-1885 (in four volumes, published serially) (Also sprach Zarathustra: Ein Buch für Alle und Keinen) Friedrich Nietzsche
73%
The Feminine Mystique 1963 Betty Friedan
72%
Steppenwolf 1927 (Der Steppenwolf) Herman Hesse
65%
Gravity's Rainbow 1973 Thomas Pynchon
56%
Brighton Rock 1938 Graham Greene
55%
The Myth of Sisyphus 1942 (Le mythe de Sisyphe) Albert Camus
54%
Being and Nothingness: An Essay on Phenomenological Ontology 1943 (L'Être et le néant : Essai d'ontologie phénoménologique) Jean-Paul Sartre
51%
Fear and Trembling 1843 (Frygt og Bæven) Søren Kierkegaard
45%
A House for Mr. Biswas 1961 V. S. Naipaul
40%
Rameau's Nephew, or the Second Satire Probably written between 1761 and 1774; first published in German translation in 1805 (Le Neveu de Rameau ou La Satire seconde) Denis Diderot
38%
A Perfect Day for Bananafish 1948 J. D. Salinger
38%
Disgrace 1999 J. M. Coetzee
36%
Middlesex 2002 Jeffrey Eugenides
34%
Man's Search for Meaning 1946 Victor E. Frankl
34%
Good-Bye to All That 1929 Robert Graves
30%
The Waning of the Middle Ages 1919 (Herfsttij der Middeleeuwen) Johan Huizinga
27%
The City in History 1961 Lewis Mumford
23%
No matching quizzes found
Score Distribution
Percent of People with Each Score
Percentile by Number Answered
Your Score History
You have not taken this quiz